| 000 | 00930nam a2200241Ia 4500 | ||
|---|---|---|---|
| 003 | OSt | ||
| 005 | 20210811160654.0 | ||
| 008 | 210310s1996 ck ad gr 000 0 spa d | ||
| 020 | _a9589589464 | ||
| 040 |
_aCO-JMCR _cCO-JMCR |
||
| 041 | 0 | _aspa | |
| 082 | 0 | 4 |
_a332.6428 / _bS959m _223 |
| 110 | 2 |
_aSuperintendencia de Valores _98866 |
|
| 245 | 1 | 0 |
_aEl mercado público de valores en cifras / _cSuperintendencia de Valores |
| 260 |
_aBogotá : _bSuperintendencia de Valores, _c1996 |
||
| 300 |
_a270 páginas : _bilustraciones y gráficas a blanco y negro ; _c24 cm. |
||
| 500 | _aIncluye notas a pie de página. | ||
| 505 | 0 | _aMercado bursátil -- Mercado accionario -- Ofertas -- Registro nacional de valores -- Sociedades vigiladas -- Otras estadísticas | |
| 650 | 1 | 4 |
_aBolsa de valores _916918 _vEstadísticas |
| 650 | 2 | 4 |
_aAcciones (Bolsa) _vEstadísticas _939298 |
| 650 | 2 | 4 |
_aCorredores de bolsa _939299 |
| 942 |
_2ddc _cBK |
||
| 999 |
_c8313 _d8313 |
||